000
00337nam a2200145Ia 4500
008
150201s1993 xx 000 0 und d
082
_a
610
_b
P93S
100
_a
STEDMANS
245
_a
PLASTIC SUGERY
250
_a
1ST
260
_b
LIPPINCOTT PUBLICATION
_a
PHILADELPHIA
_c
1993
300
_a
1-681
650
_a
SURGERY
942
_2
ddc
_c
BK
999
_c
3420
_d
3420